Online Catalogue and eLibrary

Daruwan gana adaraya nisa (Record no. 5113)

MARC details
000 -LEADER
fixed length control field 00413nam a2200169Ia 4500
005 - DATE AND TIME OF LATEST TRANSACTION
control field 20250627013037.0
008 - FIXED-LENGTH DATA ELEMENTS--GENERAL INFORMATION
fixed length control field 240331s9999 xx 000 0 und d
020 ## - INTERNATIONAL STANDARD BOOK NUMBER
ISBN 955830901X
082 ## - DDC Classification
Item Number - Author Mark SEN
Class No. 362
100 ## - MAIN ENTRY--PERSONAL NAME
Personal name Senevirathne,M
245 #0 - TITLE STATEMENT
Title Daruwan gana adaraya nisa
260 ## - PUBLICATION, DISTRIBUTION, ETC.
Name of publisher, distributor, etc. Author's Statment
Date of publication, distribution, etc. 2000
300 ## - PHYSICAL DESCRIPTION
Extent (e.g. Volumes, Pages etc.) 71 p.,
650 ## - SUBJECT ADDED ENTRY--TOPICAL TERM
Topical term or geographic name entry element Child abuse
650 ## - SUBJECT ADDED ENTRY--TOPICAL TERM
Topical term or geographic name entry element Conservation of Environment
942 ## - Koha item type (Biblio)
Koha item type Books in Stacks (Lending)
Holdings
Lost status Damaged status Collection code Home library Current library Shelving location Date acquired Full call number Accession Number Item type
    Lending WERC Library WERC Library Social Science Cupboard 03/31/2024 362.76 SEN 4337 Books in Stacks (Lending)

© WERC Library